Database management systems (Record no. 1064)

MARC details
000 -LEADER
fixed length control field 00467 a2200181 4500
001 - CONTROL NUMBER
control field 067080
003 - CONTROL NUMBER IDENTIFIER
control field OSt
005 - DATE AND TIME OF LATEST TRANSACTION
control field 20211028125925.0
008 - FIXED-LENGTH DATA ELEMENTS--GENERAL INFORMATION
fixed length control field
082 ## - DEWEY DECIMAL CLASSIFICATION NUMBER
Classification number 005.74
Item number L55D
100 1# - MAIN ENTRY--PERSONAL NAME
Personal name Leon, Alexis
245 1# - TITLE STATEMENT
Title Database management systems
Statement of responsibility, etc by Alexis Leon and Mathews Leon
260 ## - PUBLICATION, DISTRIBUTION, ETC. (IMPRINT)
Place of publication, distribution, etc New Delhi
Name of publisher, distributor, etc Vikas Publishing
Date of publication, distribution, etc 1999
300 ## - PHYSICAL DESCRIPTION
Extent 988p.
690 ## - LOCAL SUBJECT ADDED ENTRY--TOPICAL TERM (OCLC, RLIN)
Topical term or geographic name as entry element Database management
700 ## - ADDED ENTRY--PERSONAL NAME
Personal name Leon, Mathews
942 ## - ADDED ENTRY ELEMENTS (KOHA)
Source of classification or shelving scheme Dewey Decimal Classification
Koha item type Books
Holdings
Withdrawn status Lost status Source of classification or shelving scheme Damaged status Not for loan Collection code Home library Current library Date acquired Source of acquisition Cost, normal purchase price Total Checkouts Full call number Barcode Date last seen Date checked out Price effective from Koha item type
    Dewey Decimal Classification     General Text Book Central University Of Rajasthan Central University Of Rajasthan 07/03/2012 CSC 550.00 4 005.74 L55D 1366 28/05/2025 19/05/2025 02/09/2020 Books